[Event "AUTO-OPEN-1124"]
[Site "http://www.queenalice.com/game.php?id=399563"]
[Date "2008.5.8"]
[Round "1"]
[White "maues"]
[Black "jaychess"]
[Result "0-1"]
[WhiteElo "1611"]
[BlackElo "1613"]

1. d4 d5 2. Bf4 Nf6 3. e3 Bf5 4. h3 Nc6 5. c4 Nb4 6. a3 Nc2+ 7. Ke2 Nxa1 8. Qa4+
Bd7 9. Qd1 dxc4 10. Nc3 Nb3 0-1

[Event "AUTO-OPEN-1124"]
[Site "http://www.queenalice.com/game.php?id=399564"]
[Date "2008.5.8"]
[Round "1"]
[White "jaychess"]
[Black "maues"]
[Result "0-1"]
[WhiteElo "1484"]
[BlackElo "1627"]

1. d4 d5 2. Nc3 Nf6 3. Bf4 a6 4. Nf3 Bf5 5. Ne5 e6 6. e3 Bd6 7. g3 Ne4 8. Nxe4
Bxe4 9. f3 Bxe5 10. fxe4 Bxf4 11. exf4 dxe4 12. Bg2 f5 13. g4 Qh4+ 14. Kf1 O-O
15. Bh3 Qxh3+ 16. Kg1 fxg4 17. Qe2 Rxf4 18. Rf1 Rxf1+ 19. Qxf1 Nc6 20. c3 Rf8
21. Qxh3 gxh3 22. b4 e3 0-1

[Event "AUTO-INT-894"]
[Site "http://www.queenalice.com/game.php?id=399808"]
[Date "2008.5.8"]
[Round "1"]
[White "andre_ramos"]
[Black "maues"]
[Result "0-1"]
[WhiteElo "1541"]
[BlackElo "1608"]

1. e4 e5 2. Nf3 Nc6 3. Bc4 h6 4. Bb5 d6 5. Bxc6+ bxc6 6. c4 f5 7. d3 fxe4 8.
dxe4 Nf6 9. O-O Nxe4 10. Qa4 Bd7 11. c5 Nxc5 12. Qc2 Qf6 13. Be3 Be7 14. Re1 O-O
15. Rd1 Bf5 16. Qc4+ Be6 17. Qc3 Qg6 18. Kh1 Bd5 19. Bxc5 Bxf3 20. gxf3 dxc5 21.
Qc4+ Kh8 22. Nc3 Rxf3 23. Rg1 Qf6 24. Ne4 Qh4 25. Qe2 Raf8 26. Ng3 Rxf2 27. Qxe5
Qxh2# 0-1

[Event "AUTO-INT-894"]
[Site "http://www.queenalice.com/game.php?id=399809"]
[Date "2008.5.8"]
[Round "1"]
[White "maues"]
[Black "andre_ramos"]
[Result "1-0"]
[WhiteElo "1621"]
[BlackElo "1528"]

1. e4 e5 2. Bc4 Qg5 3. Qf3 Qe7 4. d3 Nf6 5. h3 Qd8 6. a3 h6 7. Ne2 c5 8. O-O Be7
9. Be3 d6 10. Nbc3 O-O 11. Nd5 Be6 12. Nxf6+ Bxf6 13. Bxe6 fxe6 14. Qg4 Kf7 15.
c3 d5 16. f4 exf4 17. Rxf4 e5 18. Rf3 d4 19. cxd4 cxd4 20. Bd2 Nd7 21. Rc1 Rc8
22. Bb4 Re8 23. Ng3 Rxc1+ 24. Kh2 Kg8 25. Nf5 Bg5 26. Nd6 Bf4+ 27. g3 Rc2+ 28.
Kh1 Rc1+ 29. Kg2 Qc7 30. gxf4 exf4 31. Nxe8 1-0

[Event "AUTO-INT-894"]
[Site "http://www.queenalice.com/game.php?id=399822"]
[Date "2008.5.8"]
[Round "1"]
[White "Hapless"]
[Black "maues"]
[Result "1-0"]
[WhiteElo "1564"]
[BlackElo "1558"]

1. d4 d5 2. c4 c6 3. e3 Nf6 4. cxd5 cxd5 5. Bb5+ Bd7 6. Nc3 Bxb5 7. Nxb5 Qa5+ 8.
Nc3 Ne4 9. Bd2 Nxc3 10. bxc3 e6 11. c4 Qa6 12. cxd5 exd5 13. Ne2 Be7 14. O-O O-O
15. Nf4 1-0

[Event "AUTO-INT-894"]
[Site "http://www.queenalice.com/game.php?id=399823"]
[Date "2008.5.8"]
[Round "1"]
[White "maues"]
[Black "Hapless"]
[Result "0-1"]
[WhiteElo "1575"]
[BlackElo "1547"]

1. e4 e6 2. d4 d5 3. e5 c5 4. Nf3 Nc6 5. Bb5 Bd7 6. O-O Qb6 7. Nc3 cxd4 8. Bxc6
Bxc6 9. Nxd4 Bc5 10. Nxc6 bxc6 11. a3 Ne7 12. Kh1 Bxf2 13. Qf3 Bd4 14. Qxf7+ Kd7
15. Rd1 Bxe5 0-1

[Event "AUTO-INT-894"]
[Site "http://www.queenalice.com/game.php?id=399832"]
[Date "2008.5.8"]
[Round "1"]
[White "maues"]
[Black "MrRonMosley"]
[Result "1-0"]
[WhiteElo "1593"]
[BlackElo "1622"]

1. e4 Nc6 2. Nc3 Nf6 3. Bc4 e6 4. d3 Ne5 5. Bb3 Bc5 6. Nf3 Nxf3+ 7. Qxf3 h5 8.
O-O c6 9. Be3 Bxe3 10. fxe3 b5 11. e5 Ng4 12. Qxf7# 1-0

[Event "AUTO-INT-894"]
[Site "http://www.queenalice.com/game.php?id=399833"]
[Date "2008.5.8"]
[Round "1"]
[White "MrRonMosley"]
[Black "maues"]
[Result "1-0"]
[WhiteElo "1627"]
[BlackElo "1616"]

1. Nc3 e5 2. d4 d6 3. d5 c6 4. e4 Nf6 5. dxc6 bxc6 6. Bd3 Ba6 7. Nf3 Qa5 8. O-O
Be7 9. a3 h6 10. Bd2 O-O 11. Nd5 Qd8 12. Nxe7+ Qxe7 13. Qe2 Qb7 14. Bb4 c5 15.
Bc3 Rc8 16. Nh4 c4 17. Qe3 cxd3 18. cxd3 Qb5 19. Rad1 Nc6 20. Nf5 Ne8 21. f4 Nf6
22. Qg3 g6 23. Nxh6+ Kg7 24. Nf5+ Kh8 25. Nxd6 Qc5+ 26. Rf2 Qxd6 27. fxe5 Qc5
28. exf6 Rd8 29. Qh3+ Kg8 30. Qh6 1-0

[Event "AUTO-ADV-901"]
[Site "http://www.queenalice.com/game.php?id=399848"]
[Date "2008.5.8"]
[Round "1"]
[White "maues"]
[Black "REUSKING"]
[Result "0-1"]
[WhiteElo "1542"]
[BlackElo "1949"]

1. e4 e5 2. Nf3 Nf6 3. Nc3 Nc6 4. Bc4 Be7 5. O-O O-O 6. a3 d6 7. d3 Bg4 8. h3
Bxf3 9. Qxf3 Nd4 10. Qe3 Nxc2 11. Qg3 Nh5 12. Qg4 g6 13. Bh6 Nxa1 14. Bxf8 Bxf8
15. Rxa1 Bg7 16. Rf1 Nf6 17. Qh4 Qd7 18. f4 Rf8 19. Nd5 Nxd5 20. Bxd5 c6 21. Ba2
exf4 22. Qxf4 Bxb2 23. a4 Bg7 24. g4 Be5 25. Qh6 d5 26. exd5 cxd5 27. a5 Bd4+
28. Kh1 Qe6 29. Qf4 Bc3 30. h4 Be5 31. Qg5 f6 32. Qe3 Qxg4 33. Bxd5+ Kg7 34. Qf2
Qh3+ 0-1

[Event "AUTO-ADV-901"]
[Site "http://www.queenalice.com/game.php?id=399849"]
[Date "2008.5.8"]
[Round "1"]
[White "REUSKING"]
[Black "maues"]
[Result "1-0"]
[WhiteElo "1891"]
[BlackElo "1633"]

1. e4 e5 2. Nf3 d6 3. d4 Nf6 4. Nc3 g6 5. dxe5 Ng4 6. h3 Nxe5 7. Nxe5 dxe5 8.
Qxd8+ Kxd8 9. Bc4 Be6 10. Bxe6 fxe6 11. Be3 Nc6 12. O-O-O+ Bd6 13. Nb5 a6 14.
Nxd6 cxd6 15. Rxd6+ Kc7 16. Rhd1 Rhd8 17. Rxe6 Nd4 18. Bxd4 exd4 19. Re7+ Kb6
20. Rxh7 Rac8 21. Kb1 g5 22. Rg7 Rc5 23. g3 Kb5 24. Rxb7+ Ka4 25. a3 1-0

[Event "AUTO-ADV-901"]
[Site "http://www.queenalice.com/game.php?id=399852"]
[Date "2008.5.8"]
[Round "1"]
[White "maues"]
[Black "Bixu"]
[Result "0-1"]
[WhiteElo "1626"]
[BlackElo "1773"]

1. e4 Nc6 2. d4 e6 3. Nf3 Nf6 4. e5 Nd5 5. c4 Bb4+ 6. Bd2 Bxd2+ 7. Qxd2 h6 8.
cxd5 exd5 9. Nc3 d6 10. Nxd5 dxe5 11. dxe5 Be6 12. Bc4 O-O 13. O-O-O Qc8 14. Nd4
Nxe5 15. Ne7+ Kh8 16. Nxc8 Nxc4 17. Qc3 Raxc8 0-1

[Event "AUTO-ADV-901"]
[Site "http://www.queenalice.com/game.php?id=399853"]
[Date "2008.5.8"]
[Round "1"]
[White "Bixu"]
[Black "maues"]
[Result "1-0"]
[WhiteElo "1762"]
[BlackElo "1637"]

1. e4 Nc6 2. d4 e5 3. d5 Nce7 4. Nf3 d6 5. c3 h6 6. Bb5+ c6 7. dxc6 bxc6 8. Bc4
Nf6 9. Nbd2 d5 10. exd5 Nexd5 11. Bxd5 cxd5 12. Nxe5 Bd6 13. Nc6 Qd7 14. Qe2+
Qe6 15. Qxe6+ Bxe6 16. O-O O-O 17. Nd4 Rfe8 18. Nxe6 1-0

[Event "AUTO-ADV-950"]
[Site "http://www.queenalice.com/game.php?id=422719"]
[Date "2008.6.25"]
[Round "1"]
[White "ajitroyal"]
[Black "maues"]
[Result "1-0"]
[WhiteElo "1941"]
[BlackElo "1575"]

1. e4 Nc6 2. d4 d5 3. exd5 Qxd5 4. Nf3 Bg4 5. c3 e6 6. Be2 Qa5 7. Nbd2 O-O-O 8.
Nc4 Qh5 9. h3 Bxf3 10. Bxf3 Qg6 11. O-O Be7 12. Bxc6 bxc6 13. Ne5 Qf5 14. Nxc6
1-0

[Event "AUTO-ADV-950"]
[Site "http://www.queenalice.com/game.php?id=422720"]
[Date "2008.6.25"]
[Round "1"]
[White "maues"]
[Black "ajitroyal"]
[Result "0-1"]
[WhiteElo "1575"]
[BlackElo "1939"]

1. e4 c5 2. Bc4 e6 3. d3 Nc6 4. f4 d5 5. Bb3 Nf6 6. h3 dxe4 7. Nc3 exd3 8. Qxd3
Qxd3 9. cxd3 a6 10. Nf3 Nb4 11. Ne5 Bd6 12. O-O Bxe5 13. Bd2 Bxc3 14. Bxc3 Nxd3
15. Bxf6 gxf6 0-1

[Event "AUTO-ADV-950"]
[Site "http://www.queenalice.com/game.php?id=422739"]
[Date "2008.6.25"]
[Round "1"]
[White "maues"]
[Black "petrossian"]
[Result "0-1"]
[WhiteElo "1534"]
[BlackElo "1801"]

1. e4 e5 2. Bc4 Nf6 3. d3 d5 4. exd5 Nxd5 5. Nf3 Nc6 6. O-O Bc5 7. Be3 Bg4 8.
Bxc5 Nb6 9. Bxb6 axb6 10. h3 Bh5 11. g4 Bg6 12. Re1 Qd6 13. d4 e4 14. Nh4 O-O
15. Nxg6 hxg6 16. Rxe4 Na5 0-1

[Event "AUTO-ADV-950"]
[Site "http://www.queenalice.com/game.php?id=422740"]
[Date "2008.6.25"]
[Round "1"]
[White "petrossian"]
[Black "maues"]
[Result "1-0"]
[WhiteElo "1795"]
[BlackElo "1540"]

1. e4 Nc6 2. d4 e5 3. d5 Nce7 4. Nf3 d6 5. Nc3 Nf6 6. Bb5+ c6 7. dxc6 bxc6 8.
Be2 g6 9. O-O Bg7 10. Be3 O-O 11. Qd2 Bg4 12. Ne1 d5 13. exd5 cxd5 14. Bc5 Bxe2
15. Bxe7 Qxe7 16. Qxe2 a6 17. Nf3 1-0